000 00444nam a2200181Ia 4500
005 20250326130420.0
008 250326s9999 xx 000 0 und d
037 _aTextbook
040 _aFMSL
_beng
_cFMSL
041 _aeng
_2eng
084 _qFMSL
100 _aRussrll L
_9740543
245 0 _aABC of interreving
_cRussrll L
260 _aLondon
_bLondon, Pitman
_c1972
300 _a92p
942 _cTB
999 _c1282395
_d1282395